Supercomputers : (Запис № 554205)
[ простий вигляд ]
| 000 -LEADER | |
|---|---|
| fixed length control field | 01674cam a2200409 a 4500 |
| 001 - CONTROL NUMBER | |
| control field | supercomputerssh00bill |
| 003 - CONTROL NUMBER IDENTIFIER | |
| control field | CaSfIA |
| 005 - DATE AND TIME OF LATEST TRANSACTION | |
| control field | 20210119100802.0 |
| 007 - PHYSICAL DESCRIPTION FIXED FIELD--GENERAL INFORMATION | |
| fixed length control field | cr|||| |
| 008 - FIXED-LENGTH DATA ELEMENTS--GENERAL INFORMATION | |
| fixed length control field | 941116s1995 nyua j b 001 0 eng |
| 010 ## - LIBRARY OF CONGRESS CONTROL NUMBER | |
| LC control number | 94044111 |
| 040 ## - CATALOGING SOURCE | |
| Original cataloging agency | DLC |
| Transcribing agency | DLC |
| Modifying agency | OCL |
| -- | BTCTA |
| -- | YDXCP |
| -- | CaSfIA |
| 020 ## - INTERNATIONAL STANDARD BOOK NUMBER | |
| International Standard Book Number | 0816030960 (acid-free paper) |
| 020 ## - INTERNATIONAL STANDARD BOOK NUMBER | |
| International Standard Book Number | 9780816030965 (acid-free paper) |
| 035 ## - SYSTEM CONTROL NUMBER | |
| System control number | (OCoLC)31708790 |
| 042 ## - AUTHENTICATION CODE | |
| Authentication code | lcac |
| 050 00 - LIBRARY OF CONGRESS CALL NUMBER | |
| Classification number | QA76.88 |
| Item number | .B55 1995 |
| 082 00 - DEWEY DECIMAL CLASSIFICATION NUMBER | |
| Classification number | 004.1/1 |
| Edition number | 20 |
| 029 1# - (OCLC) | |
| OCLC library identifier | NZ1 |
| System control number | 4763047 |
| 029 1# - (OCLC) | |
| OCLC library identifier | AU@ |
| System control number | 000011338815 |
| 029 1# - (OCLC) | |
| OCLC library identifier | UNITY |
| System control number | 033608342 |
| 029 1# - (OCLC) | |
| OCLC library identifier | OXFCL |
| System control number | 0816030960 |
| 100 1# - MAIN ENTRY--PERSONAL NAME | |
| Personal name | Billings, Charlene W. |
| 245 10 - TITLE STATEMENT | |
| Title | Supercomputers : |
| Medium | [electronic resource] |
| Remainder of title | shaping the future / |
| Statement of responsibility, etc | Charlene W. Billings. |
| 260 ## - PUBLICATION, DISTRIBUTION, ETC. (IMPRINT) | |
| Place of publication, distribution, etc | New York : |
| Name of publisher, distributor, etc | Facts on File, |
| Date of publication, distribution, etc | c1995. |
| 300 ## - PHYSICAL DESCRIPTION | |
| Extent | xii, 132 p. : |
| Other physical details | ill. ; |
| Dimensions | 24 cm. |
| 440 #0 - SERIES STATEMENT/ADDED ENTRY--TITLE | |
| Title | Facts on File science sourcebooks |
| 504 ## - BIBLIOGRAPHY, ETC. NOTE | |
| Bibliography, etc | Includes bibliographical references (p. 126-127) and index. |
| 506 ## - RESTRICTIONS ON ACCESS NOTE | |
| Standardized terminology for access restriction | Необхідна авторизація на https://archive.org/ (створення облікового запису безкоштовно) |
| 506 ## - RESTRICTIONS ON ACCESS NOTE | |
| Standardized terminology for access restriction | Необхідна авторизація на https://openlibrary.org/ (створення облікового запису безкоштовно) |
| 650 #0 - SUBJECT ADDED ENTRY--TOPICAL TERM | |
| Topical term or geographic name as entry element | Supercomputers |
| Form subdivision | Juvenile literature. |
| 650 #1 - SUBJECT ADDED ENTRY--TOPICAL TERM | |
| Topical term or geographic name as entry element | Supercomputers. |
| 650 #1 - SUBJECT ADDED ENTRY--TOPICAL TERM | |
| Topical term or geographic name as entry element | Computers. |
| 856 41 - ELECTRONIC LOCATION AND ACCESS | |
| Uniform Resource Identifier | <a href="http://www.archive.org/details/supercomputerssh00bill">http://www.archive.org/details/supercomputerssh00bill</a> |
| Public note | Free eBook from the Internet Archive |
| 856 42 - ELECTRONIC LOCATION AND ACCESS | |
| Uniform Resource Identifier | <a href="http://www.openlibrary.org/books/OL1117918M">http://www.openlibrary.org/books/OL1117918M</a> |
| Public note | Additional information and access via Open Library |
| 942 ## - ADDED ENTRY ELEMENTS (KOHA) | |
| Koha item type | ЕКнига |
Немає доступних примірників.